Ten Africans, (Record no. 213)
[ view plain ]
| 000 -LEADER | |
|---|---|
| fixed length control field | 01753cam a22002531 4500 |
| 001 - CONTROL NUMBER | |
| control field | 8769559 |
| 005 - DATE AND TIME OF LATEST TRANSACTION | |
| control field | 20170529111007.0 |
| 008 - FIXED-LENGTH DATA ELEMENTS--GENERAL INFORMATION | |
| fixed length control field | 781127s1936 enkabcf 001 0 eng |
| 010 ## - LIBRARY OF CONGRESS CONTROL NUMBER | |
| LC control number | 36024346 |
| 035 ## - SYSTEM CONTROL NUMBER | |
| System control number | (OCoLC)4400828 |
| 040 ## - CATALOGING SOURCE | |
| Original cataloging agency | DLC |
| Transcribing agency | OKentU |
| Modifying agency | NN |
| -- | DLC |
| 042 ## - AUTHENTICATION CODE | |
| Authentication code | premarc |
| 050 00 - LIBRARY OF CONGRESS CALL NUMBER | |
| Classification number | DT18 |
| Item number | .P38 1936 |
| 100 1# - MAIN ENTRY--PERSONAL NAME | |
| Personal name | Perham, Margery, |
| Dates associated with a name | 1895-1982. |
| 9 (RLIN) | 31346 |
| 245 10 - TITLE STATEMENT | |
| Title | Ten Africans, |
| Statement of responsibility, etc | edited by Margery Perham. |
| 260 ## - PUBLICATION, DISTRIBUTION, ETC. (IMPRINT) | |
| Place of publication, distribution, etc | London, |
| Name of publisher, distributor, etc | Faber and Faber limited |
| Date of publication, distribution, etc | [1936] |
| 300 ## - PHYSICAL DESCRIPTION | |
| Extent | 356 p. |
| Other physical details | front., plates, ports., fold. map. |
| Dimensions | 23 cm. |
| 505 0# - FORMATTED CONTENTS NOTE | |
| Formatted contents note | Introduction, by Margery Perham.--The story of Bwembya of the Bemba tribe, northern Rhodesia, recorded by Audrey I. Richards.--The story of Udo Akpabio of the Anang tribe, southern Nigeria, recorded by W. Groves.--The story of Ndansi Kumalo of the Matabele tribe, southern Rhodesia, recorded by J.W. Posselt and Margery Perham.--The story of Rashid Bin Hassani of the Bisa tribe, northern Rhodesia, recorded by W.F. Baldock.--The story of Nosente, the mother of compassion of the Xhosa tribe, South Africa, recorded by Monica Hunter.--The story of Amini Bin Saidi of the Yao tribe of Nyasaland, recorded by D.W. Malcolm.--The story of Parmenas Mockerie of the Kikuyu tribe, Kenya, written by himself.--The story of Martin Kayamba Mdumi, M.B.E., of the Bondei tribe, written by himself.--The story of Gilbert Coka, of the Zulu tribe of Natal, South Africa, written by himself.--The story of Kofoworola Aina Moore, of the Yoruba tribe, Nigeria, written by herself. |
| 650 #0 - SUBJECT ADDED ENTRY--TOPICAL TERM | |
| Topical term or geographic name as entry element | Bantu-speaking peoples. |
| 9 (RLIN) | 31171 |
| 651 #0 - SUBJECT ADDED ENTRY--GEOGRAPHIC NAME | |
| Geographic name | Africa |
| Form subdivision | Biography. |
| 9 (RLIN) | 31347 |
| 906 ## - LOCAL DATA ELEMENT F, LDF (RLIN) | |
| a | 7 |
| b | cbc |
| c | oclcrpl |
| d | u |
| e | ncip |
| f | 19 |
| g | y-gencatlg |
| 942 ## - ADDED ENTRY ELEMENTS (KOHA) | |
| Source of classification or shelving scheme | Library of Congress Classification |
| Item type | Monograph ( Printed materials) |
| Withdrawn status | Lost status | Source of classification or shelving scheme | Damaged status | Not for loan | Collection code | Home library | Current library | Shelving location | Date acquired | Total Checkouts | Full call number | Barcode | Date last seen | Copy number | Price effective from | Koha item type |
|---|---|---|---|---|---|---|---|---|---|---|---|---|---|---|---|---|
| Library of Congress Classification | Main Collection | ARRUPE LIBRARY | ARRUPE LIBRARY | 27/02/2013 | DT18.P38 1936 | 46400490 | 07/12/2017 | 1 | 27/02/2013 | Monograph ( Printed materials) |